International workshop on multi-media database management systems : (Blue Mountain Lake, New York: August 28-30, 1995)
Αποθηκεύτηκε σε:
| Συλλογικό Έργο: | , , |
|---|---|
| Μορφή: | Βιβλίο |
| Γλώσσα: | English |
| Δημοσίευση: |
Los Alamitos :
IEEE Computer Society Press,
c1995
|
| Θέματα: | |
| Ετικέτες: |
Προσθήκη ετικέτας
Δεν υπάρχουν, Καταχωρήστε ετικέτα πρώτοι!
|
MARC
| LEADER | 00000nam a2200000 i 4500 | ||
|---|---|---|---|
| 001 | 1/49764 | ||
| 008 | 980211s1995 eng d | ||
| 020 | |a 0818671688 | ||
| 035 | |l 10026889 | ||
| 040 | |a GR-MY-UA |b gre |e aacr | ||
| 041 | 0 | |a eng | |
| 082 | 0 | |a 006.6 | |
| 110 | 2 | |a IEEE Computer Society. | |
| 245 | 1 | 0 | |a International workshop on multi-media database management systems : |b (Blue Mountain Lake, New York: August 28-30, 1995) / |c sponsored by: IEEE Computer Society, CASE, Syracuse University ; in cooperation with: IEEE Computer Society Technical Committee on Multimedia Computing, IEEE SIG Multimedia, ACM SIG Multimedia |
| 260 | |a Los Alamitos : |b IEEE Computer Society Press, |c c1995 | ||
| 300 | |a x, 162 p. | ||
| 650 | 0 | 0 | |a Multimedia systems |x Congresses. |
| 650 | 0 | 0 | |a Database management. |
| 710 | 2 | |a New York State Center for advanced technology in computer applications and software (CASE) | |
| 710 | 2 | |a Syracuse University. | |
| 852 | |a INST |b CHIOS |e 19980211 |h 006.6 PRO |p 005200009953 |q 005200009953 |t BK |y 0 | ||
| 901 | |a BIBL-1998-1 | ||
| 909 | |a Χ |b 052941 | ||
| 922 | |a 2ΕΛΗ |b 199801 |c ΣΑΚΕΛΛΑΡΙΔΗΣ |d ΠΑΠΑΣΩΤΗΡΙΟΥ | ||